| 000 | 00380nam a2200157Ia 4500 | ||
|---|---|---|---|
| 008 | 230312s9999||||xx |||||||||||||| ||und|| | ||
| 020 | _a81-8448-290-6 | ||
| 082 |
_a370.78 _bSIN-P |
||
| 100 | _aSingh,Tejinder | ||
| 245 | 0 | _aPrinciples of Thesis Writing | |
| 260 |
_bJaypee _aIndia _c2008 |
||
| 300 | _a93 | ||
| 546 | _aEng. | ||
| 650 |
_aLiterature _vThesis Writing |
||
| 942 | _cBK | ||
| 999 |
_c6562 _d6562 |
||